Cambridge International AS and A Level Law Second Edition. (Record no. 307471)

MARC details
000 -LEADER
fixed length control field 04823nam a22004333i 4500
001 - CONTROL NUMBER
control field EBC6632695
005 - DATE AND TIME OF LATEST TRANSACTION
control field 20240122001352.0
006 - FIXED-LENGTH DATA ELEMENTS--ADDITIONAL MATERIAL CHARACTERISTICS
fixed length control field m o d |
007 - PHYSICAL DESCRIPTION FIXED FIELD--GENERAL INFORMATION
fixed length control field cr cnu||||||||
008 - FIXED-LENGTH DATA ELEMENTS--GENERAL INFORMATION
fixed length control field 231124s2021 xx o ||||0 eng d
020 ## - INTERNATIONAL STANDARD BOOK NUMBER
International Standard Book Number 9781398318175
Qualifying information (electronic bk.)
020 ## - INTERNATIONAL STANDARD BOOK NUMBER
Canceled/invalid ISBN 9781398312098
035 ## - SYSTEM CONTROL NUMBER
System control number (MiAaPQ)EBC6632695
035 ## - SYSTEM CONTROL NUMBER
System control number (Au-PeEL)EBL6632695
035 ## - SYSTEM CONTROL NUMBER
System control number (OCoLC)1255235624
040 ## - CATALOGING SOURCE
Original cataloging agency MiAaPQ
Language of cataloging eng
Description conventions rda
-- pn
Transcribing agency MiAaPQ
Modifying agency MiAaPQ
082 0# - DEWEY DECIMAL CLASSIFICATION NUMBER
Classification number 349.42
100 1# - MAIN ENTRY--PERSONAL NAME
Personal name Fry, Jayne.
245 10 - TITLE STATEMENT
Title Cambridge International AS and A Level Law Second Edition.
250 ## - EDITION STATEMENT
Edition statement 1st ed.
264 #1 - PRODUCTION, PUBLICATION, DISTRIBUTION, MANUFACTURE, AND COPYRIGHT NOTICE
Place of production, publication, distribution, manufacture London :
Name of producer, publisher, distributor, manufacturer Hodder Education Group,
Date of production, publication, distribution, manufacture, or copyright notice 2021.
264 #4 - PRODUCTION, PUBLICATION, DISTRIBUTION, MANUFACTURE, AND COPYRIGHT NOTICE
Date of production, publication, distribution, manufacture, or copyright notice �2021.
300 ## - PHYSICAL DESCRIPTION
Extent 1 online resource (420 pages)
336 ## - CONTENT TYPE
Content type term text
Content type code txt
Source rdacontent
337 ## - MEDIA TYPE
Media type term computer
Media type code c
Source rdamedia
338 ## - CARRIER TYPE
Carrier type term online resource
Carrier type code cr
Source rdacarrier
505 0# - FORMATTED CONTENTS NOTE
Formatted contents note Cover -- Book title -- Copyright -- Contents -- Introduction -- Table of cases -- Table of Acts of Parliament -- Study skills -- SECTION 1 ENGLISH LEGAL SYSTEM -- Unit 1.1 Principles and sources of English law -- Chapter 1 The English legal system and its context -- Chapter 2 Parliamentary law making -- Chapter 3 Delegated legislation -- Chapter 4 Statutory interpretation -- Chapter 5 Judicial precedent -- Unit 1.2 Machinery of justice -- Chapter 6 Civil courts and civil process -- Chapter 7 Alternative methods of dispute resolution -- Chapter 8 Criminal courts and criminal process -- Chapter 9 Police powers -- Unit 1.3 Legal personnel -- Chapter 10 The judiciary - superior and inferior judges -- Chapter 11 Legal professionals -- Chapter 12 Lay personnel -- SECTION 2 CRIMINAL LAW -- Unit 2.1 Elements of a crime -- Chapter 13 Actus reus and mens rea -- Unit 2.2 Offences against property -- Chapter 14 Theft -- Chapter 15 Robbery -- Chapter 16 Burglary -- Chapter 17 Blackmail -- Chapter 18 Handling stolen goods -- Chapter 19 Making off without payment -- Chapter 20 Criminal damage -- Chapter 21 Fraud -- Unit 2.3 Sentencing in England and Wales -- Chapter 22 Adult offenders, young offenders and aims of sentencing -- SECTION 3 LAW OF CONTRACT -- Unit 3.1 Formation of a valid contract -- Chapter 23 Nature of a contract -- Chapter 24 Offer and acceptance -- Chapter 25 Intention to create legal relations -- Chapter 26 Consideration -- Chapter 27 Capacity (minors only) -- Unit 3.2 Contents of a contract -- Chapter 28 Express terms -- Chapter 29 Terms implied by the Consumer Rights Act 2015 -- Chapter 30 Status of terms -- Chapter 31 Control of exemption clauses -- Unit 3.3 Discharge of a contract -- Chapter 32 Performance -- Chapter 33 Breach -- Chapter 34 Frustration -- Unit 3.4 Remedies for breach of contract -- Chapter 35 Common law remedies.
505 8# - FORMATTED CONTENTS NOTE
Formatted contents note Chapter 36 Equitable remedies -- SECTION 4 LAW OF TORT -- Unit 4.1 The tort of negligence -- Chapter 37 Nature of liability in negligence -- Chapter 38 Duty of care -- Chapter 39 Breach of duty -- Chapter 40 Causation and remoteness of damage -- Chapter 41 Novel duty situations -- Unit 4.2 Torts affecting land -- Chapter 42 Occupiers' liability -- Chapter 43 Private nuisance -- Chapter 44 Rylands v Fletcher -- Chapter 45 Trespass to land -- Unit 4.3 Torts affecting the person -- Chapter 46 Assault, battery and false imprisonment -- Unit 4.4 General defences and remedies -- Chapter 47 Defences -- Chapter 48 Remedies -- Index -- A -- B -- C -- D -- E -- F -- G -- H -- I -- J -- K -- L -- M -- N -- O -- P -- Q -- R -- S -- T -- U -- V -- W -- Y.
520 ## - SUMMARY, ETC.
Summary, etc. This title is endorsed by Cambridge International to support the full syllabus for examination from 2023 Build strong subject knowledge and skills with the only published course to offer full and comprehensive coverage of the syllabus for examination from 2023. -Engage with relevant and up-to-date case examples to illustrate key topics. - Build knowledge with key elements covered and skills-targeted activities throughout. - Test understanding with a range of activities and exam-style questions. - Extend learning with Internet research boxes providing opportunities to delve further into topics.
588 ## - SOURCE OF DESCRIPTION NOTE
Source of description note Description based on publisher supplied metadata and other sources.
590 ## - LOCAL NOTE (RLIN)
Local note Electronic reproduction. Ann Arbor, Michigan : ProQuest Ebook Central, 2023. Available via World Wide Web. Access may be limited to ProQuest Ebook Central affiliated libraries.
655 #4 - INDEX TERM--GENRE/FORM
Genre/form data or focus term Electronic books.
700 1# - ADDED ENTRY--PERSONAL NAME
Personal name Wilshire, Tim.
700 1# - ADDED ENTRY--PERSONAL NAME
Personal name Wortley, Richard.
776 08 - ADDITIONAL PHYSICAL FORM ENTRY
Relationship information Print version:
Main entry heading Fry, Jayne
Title Cambridge International AS and A Level Law Second Edition
Place, publisher, and date of publication London : Hodder Education Group,c2021
International Standard Book Number 9781398312098
797 2# - LOCAL ADDED ENTRY--CORPORATE NAME (RLIN)
Corporate name or jurisdiction name as entry element ProQuest (Firm)
856 40 - ELECTRONIC LOCATION AND ACCESS
Uniform Resource Identifier <a href="https://ebookcentral.proquest.com/lib/bacm-ebooks/detail.action?docID=6632695">https://ebookcentral.proquest.com/lib/bacm-ebooks/detail.action?docID=6632695</a>
Public note Click to View

No items available.